00373nam a2200109 i 4500001000300000245008400003260002100087040000800108041000800116008004100124856009800165bg 0aSymposium on industrial chimneys :bCracow, Poland 4-7 September 1973 : papers. aKraków,c1974. cBPK apol s pl f |000 0 pol  uhttp://koha.tu.koszalin.pl/cgi-bin/koha/opac-detail.pl?biblionumber=26272yKatalog online BPK